University Campuses on Google Earth - Statistics

General Stats
  • This quiz has been taken 21 times
  • The average score is 5 of 16
Answer Stats
Picture Answer % Correct
Stanford
81%
Columbia
63%
Harvard
56%
Notre Dame
50%
Duke
31%
NYU
25%
UCLA
25%
Virginia
25%
Chicago
19%
Cornell
19%
Georgetown
19%
Washington (St. Louis)
19%
Yale
19%
Pennsylvania
13%
Boston College
6%
Indiana
6%
No matching quizzes found
Score Distribution
Percent of People with Each Score
Percentile by Number Answered
Your Score History
You have not taken this quiz